| 000 | 02356nam2a2200265 4500 | ||
|---|---|---|---|
| 001 | RU\NLR\PER_A\002284191_001250 | ||
| 005 | 20250626071147.0 | ||
| 035 | _a(NLR Aleph) 011453983 | ||
| 090 |
_a11768128 _c11768128 |
||
| 100 | _a20170814d2017 |||y0rusy50 ca | ||
| 101 | 0 | _arus | |
| 102 | _aRU | ||
| 200 | 1 |
_aНаучно-методические основы организации и содержания социального обслуживания населения в Ханты-Мансийском автономном округе - Югре, вып. 3 _eсборник материалов, подготовленных бюджетным учреждением Ханты-Мансийского автономного округа -Югры "Методический центр развития социального обслуживания" Департамента социального развития Ханты-Мансийского автономного округа - Югры _fсост. А.В. Бодак, к.п.н., доц. |
|
| 210 |
_d2017 _aБ. м. |
||
| 225 | 1 | _aСерия "Содержание, организация и технологии социального обслуживания: практика деятельности социальных служб" | |
| 461 | 0 |
_1001RU\NLR\INFOCOMM29\5000543575 _12001#$aПрофессиональная библиотека работника социальной службы$eПроф. науч.-практ. и метод. журн.$fМежрегион. обществ. орг. "Ассоц. работников социал. служб"$v2017, № 2 (90) _94070846 _cМ. _d2002 - _fМежрегион. обществ. орг. "Ассоц. работников социал. служб" _nБ. и. _oПроф. науч.-практ. и метод. журн. _tПрофессиональная библиотека работника социальной службы _v2017, № 2 (90) |
|
| 606 | 1 |
_aСоциальное обслуживание _jСборники _yХанты-Мансинский автономный округ-Югра _92157146 _3RU\NLR\AUTH\661603216 |
|
| 686 | 1 | _aУ27(2)2(2Р-Тю-6Х)я43 | |
| 686 | 1 | _aС550.473я43 | |
| 702 | 1 |
_aБодак _bА.В. _4220 |
|
| 852 |
_aNLR _jП22/7715 |
||
| 942 | _cISSUE | ||
| 980 | _aNB | ||
| 980 | _aRUSPER | ||